MARC

LEADER 00000nam0a2200000 4500
001 21024
005 20231030192326.0
010 |a 5852001775 
035 |a (RuTPU)RU\TPU\book\21219 
035 |a BOOK00000087 
090 |a 21024 
100 |a 20011209d1990 m y0rusy50 ca 
101 0 |a rus 
102 |a RU 
105 |a aс z 000yy 
200 1 |a Государственная Третьяковская галерея  |e альбом  |f Ю. К. Королев 
210 |a Москва  |c Изобразительное искусство  |d 1990 
215 |a 100 с.  |c ил. 
610 1 |a искусство 
610 1 |a изобразительное искусство 
610 1 |a музеи 
610 1 |a Государственная Третьяковская галерея 
610 1 |a Третьяковская галерея 
610 1 |a альбомы 
675 |a 7(069)+75(084)  |v 3 
700 1 |a Королев  |b Ю. К.  |g Юрий Константинович 
801 0 |a RU  |b 63413507  |c 20011209  |g PSBO 
801 2 |a RU  |b 63413507  |c 20070822  |g PSBO 
942 |c BK